Logic design theory (Record no. 66575)

000 -LEADER
fixed length control field 00460nam a22001817a 4500
003 - CONTROL NUMBER IDENTIFIER
control field NUST - PNEC
005 - DATE AND TIME OF LATEST TRANSACTION
control field 20170116180957.0
008 - FIXED-LENGTH DATA ELEMENTS--GENERAL INFORMATION
fixed length control field 150912b xxu||||| |||| 00| 0 eng d
020 ## - INTERNATIONAL STANDARD BOOK NUMBER
International Standard Book Number 013010695X
020 ## - INTERNATIONAL STANDARD BOOK NUMBER
International Standard Book Number 8120308158
040 ## - CATALOGING SOURCE
Transcribing agency LIBRARY
082 ## - DEWEY DECIMAL CLASSIFICATION NUMBER
Classification number 621.395 BIS
100 ## - MAIN ENTRY--PERSONAL NAME
9 (RLIN) 9303
Personal name Biswas, Nripendra Nath
245 ## - TITLE STATEMENT
Title Logic design theory
Statement of responsibility, etc. Nripendra Nath Biswas
260 ## - PUBLICATION, DISTRIBUTION, ETC.
Date of publication, distribution, etc. c.1993
650 ## - SUBJECT ADDED ENTRY--TOPICAL TERM
9 (RLIN) 9307
Topical term or geographic name entry element Logic design
General subdivision MSCOM
942 ## - ADDED ENTRY ELEMENTS (KOHA)
Source of classification or shelving scheme
Koha item type Book
Holdings
Withdrawn status Lost status Source of classification or shelving scheme Damaged status Not for loan Permanent Location Current Location Shelving location Date acquired Total Checkouts Full call number Barcode Date last seen Price effective from Koha item type
          Pakistan Navy Engineering College (PNEC) Pakistan Navy Engineering College (PNEC)       621.395 BIS PNECLIB-025232 09/12/2015   Book
          Pakistan Navy Engineering College (PNEC) Pakistan Navy Engineering College (PNEC)       621.395 BIS PNECLIB-025233 09/12/2015   Book
          Pakistan Navy Engineering College (PNEC) Pakistan Navy Engineering College (PNEC)       621.395 BIS PNECLIB-020339 09/13/2015   Book
© 2023 Central Library, National University of Sciences and Technology. All Rights Reserved.